Arriba quemando el sol. Estudios de historia social chilena: experiencias populares de trabajo, revuelta y autonomía, 1830-1940

-д хадгалсан:
Номзүйн дэлгэрэнгүй
Байгууллагын зохиогч: Colectivo Oficios Varios (Зохиогч)
Формат: Ном
Хэл сонгох:испани
Хэвлэсэн: Santiago, Chile LOM 2004
Цуврал:Colección Historia
Нөхцлүүд:
Шошгууд: Шошго нэмэх
Шошго байхгүй, Энэхүү баримтыг шошголох эхний хүн болох!

MARC

LEADER 00000nam a2200000 a 4500
001 UCL6577
003 CL-VaPUC
005 20240125113209.0
008 040416e20040000CL |||||||||||||||||spa|d
999 |c 308579  |d 308577 
020 |a 9562826171 
040 |c Pontificia Universidad Católica de Valparaíso 
082 0 4 |a 983.05 COL 2004  |2 21 
110 2 |a Colectivo Oficios Varios  |e author  |9 484184 
245 1 0 |a Arriba quemando el sol. Estudios de historia social chilena:  |b  experiencias populares de trabajo, revuelta y autonomía, 1830-1940 
260 |a Santiago, Chile  |b LOM  |c 2004 
300 |a 263 páginas 
490 0 |a Colección Historia 
583 |a last modification  |c 20040416 00:00:00  |k Rodrigo Vera 
650 0 |a Historia de Chile   |y SIGLOS 19-20  |9 322385 
650 0 |a Antropología cultural y social   |z CHILE  |9 265143 
650 0 |a Procesos sociales  |z CHILE  |9 337802 
852 |a BIBCUR 
942 |c BK  |2 ddc 
945 |d 20040416 00:00:00  |a cmena 
952 |0 0  |1 0  |2 ddc  |4 0  |6 983_050000000000000_COL_2004  |7 0  |8 A  |9 375196  |a BIBHIS  |b BIBHIS  |d 2019-11-21  |i 4002792  |l 1  |m 13  |o 983.05 COL 2004  |p 4002792  |r 2024-05-03  |s 2021-06-08  |t 1  |w 2019-11-21  |y BK  |k HIS 
952 |0 0  |1 0  |2 ddc  |4 0  |6 983_050000000000000_COL_2004  |7 0  |8 A  |9 375197  |a BIBHIS  |b BIBHIS  |d 2019-11-21  |i 402415K  |l 3  |o 983.05 COL 2004  |p 402415K  |r 2025-01-20  |s 2022-11-02  |t 2  |w 2019-11-21  |y BK  |k HIS 
952 |0 0  |1 0  |2 ddc  |4 0  |6 983_050000000000000_COL_2004  |7 0  |8 A  |9 375198  |a BIBHIS  |b BIBHIS  |d 2019-11-21  |i 4067398  |l 4  |o 983.05 COL 2004  |p 4067398  |r 2025-01-20  |s 2023-10-05  |t 3  |w 2019-11-21  |y BK  |k HIS